Tous les brawlers dans Brawl Stars (2026) - Statistiques

Statistiques générales
  • Ce quiz a été pris 477 fois
    46 depuis la dernière actualisation
  • Le résultat moyen est 48 sur 102
Statistiques - réponses
Rareté Réponse % Correct
Rare Bull
93%
Rare Rosa
93%
Premier Brawler Shelly
93%
Rare Colt
89%
Rare Nita
86%
Légendaire Léon
82%
Rare Bartaba
79%
Rare Brock
79%
Super Rare Jessie
79%
Ultra Légendaire Kaze
79%
Légendaire Corbac
75%
Épique Edgar
75%
Rare El Costo
75%
Ultra Légendaire Sirius
75%
Rare Poco
71%
Super Rare Dynamike
68%
Super Rare Jacky
68%
Mythique Mortis
68%
Épique Polly
68%
Super Rare Ricochet
68%
Légendaire Ambre
64%
Épique Bo
64%
Légendaire Spike
64%
Mythique Buzz
61%
Épique Frank
61%
Légendaire Kenji
61%
Épique Pam
61%
Légendaire Kit
57%
Légendaire Pierce
57%
Super Rare Tick
57%
Épique Billie
54%
Brawler temporaire (2024-2025) Buzz l'éclair
54%
Super Rare Darryl
54%
Légendaire Surge
54%
Épique Angelo
50%
Super Rare ARKAD
50%
Épique Colette
50%
Épique Eliza
50%
Légendaire Émeri
50%
Super Rare Gus
50%
Épique Mandy
50%
Légendaire Meg
50%
Épique Béa
46%
Mythique Chuck
46%
Légendaire Cordelius
46%
Légendaire Draco
46%
Mythique Max
46%
Mythique Najia
46%
Super Rare Carl
43%
Épique Gael
43%
Mythique Mina
43%
Super Rare Penny
43%
Mythique Trunk
43%
Épique Bonnie
39%
Mythique Byron
39%
Épique Hank
39%
Épique Meeple
39%
Mythique Melody
39%
Mythique Mico
39%
Épique Sam
39%
Épique Stu
39%
Mythique Willow
39%
Épique Belle
36%
Légendaire Chester
36%
Mythique Doug
36%
Épique Griff
36%
Épique Larry & Lawrie
36%
Épique Lola
36%
Épique Nani
36%
Épique Shade
36%
Mythique Djinn
32%
Mythique Finx
32%
Mythique Gigi
32%
Mythique Glowy
32%
Épique Grom
32%
Mythique Lily
32%
Épique Maisie
32%
Mythique Tara
32%
Épique Berry
29%
Mythique Charlie
29%
Mythique Clancy
29%
Mythique Fang
29%
Mythique Janet
29%
Mythique Lumi
29%
Mythique Médor
29%
Mythique Moe
29%
Mythique Ollie
29%
Mythique RT
29%
Mythique Ziggy
29%
Épique Ash
25%
Mythique Buster
25%
Mythique Eve
25%
Mythique Lou
25%
Mythique Monsieur M
25%
Mythique Otis
25%
Épique Pearl
25%
Mythique Squeak
25%
Mythique Wally
25%
Mythique Gray
21%
Mythique Alli
18%
Mythique Jae-Yong
18%
Mythique Juju
18%
Aucun quiz correspondant
Distribution des résultats
% des personnes avec chaque résultat
Percentile par nombre de réponses
Votre historique - résultats
Vous n’avez pas pris ce quiz depuis la dernière actualisation